000
00332nam a22001457a 4500
008
210308b ||||| |||| 00| 0 eng d
020
_a
9780073294735
041
_a
eng
080
_a
338
082
_a
338
100
_a
53
101
_a
MEN
245
_a
Operations and Supply Management :The Core
_c
Jacobs,R.F
942
_2
udc
_c
BK
999
_c
56005
_d
56005